Moniteur belge = Belgisch Staatsblad

Detalles Bibliográficos
Formato: Desconocido
Lenguaje:lenguas múltiples
Publicado: Bruxelles : Moniteur Belge
Materias:
Acceso en línea:Acceso restringido

MARC

LEADER 00000ny a22000003n 4500
005 2011051008088.0
008 910227c19989999be dr p bl 0 a0mul
010 |a sn 86022265 
035 |a 2173  
040 |a DEUSTO.   |b spa  |d vLex 
041 0 |a dutfre 
080 |a 34(493)(094)(05) 
090 |c 1537  |d 1537 
245 3 0 |a Moniteur belge =  |b Belgisch Staatsblad  |h [Recurso electrn̤ico] 
246 1 |a Belgisch staatsblad 
256 |a Servicio en ln̕ea 
260 |a Bruxelles :  |b Moniteur Belge 
310 |a Diaria 
546 |a Flamenco y francš 
650 0 4 |a Derecho  |z Bľgica  |x Publicaciones perid̤icas 
740 0 |a vLex Revista (Servicios en ln̕ea) 
843 |a Electrn̤ica. Abierta 
853 |8 1  |i (year)  |j (month)  |k (day) 
856 4 |z Acceso restringido  |u http://vlex.com/source/belgisch-staatsblad-2173 
942 |c REV 
999 4 |a Derecho-  |z Bľgica-  |v publicaciones perid̤icas